00782 2200217 4500001002100000005001500021035002000036245015500056100001800211250002500229300005500254856002200309700008000331260004400411082001000455084001600465020002200481650001000503008004100513990001000554INLIS00000000114838520260520023010 a0010-05260000621 aPRINCESS 26 :bBuku Komik Elex Media Komputindo /cPenulis; Han Seung-Won, Alih Bahasa; Irma Ekawati, Editor; Ivana Tamrin, Desain Sampul; Yuni Astuti0 aHan Seung-Won aEdisi keduapuluhenam a180 halaman :bIlustrasi ;c11.3 x 17.2 cmeKertas aPerpustakaan Umum0 aAlih Bahasa; Irma Ekawati, Editor; Ivana Tamrin, Desain Sampul; Yuni Astuti aJakarta :bElex Media Komputindo,c2008 aF 813 aF 813 HAN p a978-979-27-2653-4 4akomik260520 0  a//002